MARC details
| 000 -LEADER |
| fixed length control field |
04787nam a2200769 4500 |
| 005 - DATE AND TIME OF LATEST TRANSACTION |
| control field |
20260417170943.0 |
| 008 - FIXED-LENGTH DATA ELEMENTS--GENERAL INFORMATION |
| fixed length control field |
260417b |||||||| |||| 00| 0 eng d |
| 020 ## - INTERNATIONAL STANDARD BOOK NUMBER |
| International Standard Book Number |
9789349531772 (खण्ड 1) (pbk) |
| 020 ## - INTERNATIONAL STANDARD BOOK NUMBER |
| International Standard Book Number |
9789349531147 (खण्ड 2) (pbk) |
| 020 ## - INTERNATIONAL STANDARD BOOK NUMBER |
| International Standard Book Number |
9789349531215 (खण्ड 3) (pbk) |
| 020 ## - INTERNATIONAL STANDARD BOOK NUMBER |
| International Standard Book Number |
9789349531062 (खण्ड 4) (pbk) |
| 020 ## - INTERNATIONAL STANDARD BOOK NUMBER |
| International Standard Book Number |
9789349531284 (खण्ड 5) (pbk) |
| 020 ## - INTERNATIONAL STANDARD BOOK NUMBER |
| International Standard Book Number |
9789349531864 (खण्ड 6) (pbk) |
| 020 ## - INTERNATIONAL STANDARD BOOK NUMBER |
| International Standard Book Number |
9789349531789 (खण्ड 7) (pbk) |
| 020 ## - INTERNATIONAL STANDARD BOOK NUMBER |
| International Standard Book Number |
9789349531529 (खण्ड 8) (pbk) |
| 020 ## - INTERNATIONAL STANDARD BOOK NUMBER |
| International Standard Book Number |
9789349531093 (खण्ड 9) (pbk) |
| 020 ## - INTERNATIONAL STANDARD BOOK NUMBER |
| International Standard Book Number |
9789349531369 (खण्ड 10) (pbk) |
| 020 ## - INTERNATIONAL STANDARD BOOK NUMBER |
| International Standard Book Number |
9789349531260 (खण्ड 11) (pbk) |
| 020 ## - INTERNATIONAL STANDARD BOOK NUMBER |
| International Standard Book Number |
9789349531888 (खण्ड 12) (pbk) |
| 020 ## - INTERNATIONAL STANDARD BOOK NUMBER |
| International Standard Book Number |
9789349531802 (खण्ड 13) (pbk) |
| 020 ## - INTERNATIONAL STANDARD BOOK NUMBER |
| International Standard Book Number |
9789349531451 (खण्ड 14) (pbk) |
| 020 ## - INTERNATIONAL STANDARD BOOK NUMBER |
| International Standard Book Number |
9789349531871 (खण्ड 15) (pbk) |
| 020 ## - INTERNATIONAL STANDARD BOOK NUMBER |
| International Standard Book Number |
9789349531321 (खण्ड 16) (pbk) |
| 020 ## - INTERNATIONAL STANDARD BOOK NUMBER |
| International Standard Book Number |
9789349531109 (खण्ड 17) (pbk) |
| 020 ## - INTERNATIONAL STANDARD BOOK NUMBER |
| International Standard Book Number |
9789349531031 (खण्ड 18) (pbk) |
| 020 ## - INTERNATIONAL STANDARD BOOK NUMBER |
| International Standard Book Number |
9789349531727 (खण्ड 19) (pbk) |
| 020 ## - INTERNATIONAL STANDARD BOOK NUMBER |
| International Standard Book Number |
9789349531024 (खण्ड 20) (pbk) |
| 020 ## - INTERNATIONAL STANDARD BOOK NUMBER |
| International Standard Book Number |
9789349531581 (खण्ड 21) (pbk) |
| 037 ## - SOURCE OF ACQUISITION |
| Terms of availability |
REF |
| 040 ## - CATALOGING SOURCE |
| Original cataloging agency |
CRL |
| Transcribing agency |
CRL |
| 041 ## - LANGUAGE CODE |
| Source of code |
hin |
| Language code of text/sound track or separate title |
hin |
| 084 ## - COLON CLASSIFICATION NUMBER |
| Classification number |
z44 152R5.1-.21 (RR) |
| Assigning agency |
CRL |
| 245 ## - TITLE STATEMENT |
| Title |
सनातन ज्ञान: |
| Remainder of title |
युवा उत्थान |
| 260 ## - PUBLICATION, DISTRIBUTION, ETC. |
| Place of publication, distribution, etc. |
नई दिल्ली, भारत: |
| Name of publisher, distributor, etc. |
किताबवाले, |
| Date of publication, distribution, etc. |
2025. |
| 300 ## - PHYSICAL DESCRIPTION |
| Extent |
खण्ड 1(1-83पृ.), खण्ड 2(1-116पृ.), खण्ड 3(1-62पृ.), खण्ड 4(1-70पृ.), खण्ड 5(1-76पृ.), खण्ड 6(1-64पृ.), खण्ड 7(1-92पृ.), खण्ड 8(1-70पृ.), खण्ड 9(1-84पृ.), खण्ड 10(1-76पृ.), खण्ड 11(1-83पृ.), खण्ड 12(1-67पृ.), खण्ड 13(1-55पृ.), खण्ड 14(1-80पृ.), खण्ड 15(1-86पृ.), खण्ड 16(1-68पृ.), खण्ड 17(1-80पृ.), खण्ड 18(1-80पृ.), खण्ड 19(1-72पृ.), खण्ड 20(1-76पृ.), खण्ड 21(1-63पृ.), |
| 365 ## - TRADE PRICE |
| Price type code |
खण्ड 1 - 250.00 |
| Currency code |
INR |
| 365 ## - TRADE PRICE |
| Price type code |
खण्ड 2 - 350.00 |
| Currency code |
INR |
| 365 ## - TRADE PRICE |
| Price type code |
खण्ड 3 - 190.00 |
| Price amount |
INR |
| 365 ## - TRADE PRICE |
| Price type code |
खण्ड 4 - 210.00 |
| Price amount |
INR |
| 365 ## - TRADE PRICE |
| Price type code |
खण्ड 5 - 230.00 |
| Currency code |
INR |
| 365 ## - TRADE PRICE |
| Price amount |
खण्ड 6 - 190.00 |
| Currency code |
INR |
| 365 ## - TRADE PRICE |
| Price amount |
खण्ड 7 - 280.00 |
| Currency code |
INR |
| 365 ## - TRADE PRICE |
| Price amount |
खण्ड 8 - 220.00 |
| Currency code |
INR |
| 365 ## - TRADE PRICE |
| Price amount |
खण्ड 9 - 250.00 |
| Currency code |
INR |
| 365 ## - TRADE PRICE |
| Price amount |
खण्ड 10 - 230.00 |
| Currency code |
INR |
| 365 ## - TRADE PRICE |
| Price amount |
खण्ड 11 - 250.00 |
| Currency code |
INR |
| 365 ## - TRADE PRICE |
| Price amount |
खण्ड 12 - 200.00 |
| Currency code |
INR |
| 365 ## - TRADE PRICE |
| Price amount |
खण्ड 13 - 170.00 |
| Currency code |
INR |
| 365 ## - TRADE PRICE |
| Price amount |
खण्ड 14 - 240.00 |
| Currency code |
INR |
| 365 ## - TRADE PRICE |
| Price amount |
खण्ड 15 - 260.00 |
| Currency code |
INR |
| 365 ## - TRADE PRICE |
| Price amount |
खण्ड 16 - 200.00 |
| Currency code |
INR |
| 365 ## - TRADE PRICE |
| Price amount |
खण्ड 17 - 240.00 |
| Currency code |
INR |
| 365 ## - TRADE PRICE |
| Price amount |
खण्ड 18 - 240.00 |
| Currency code |
INR |
| 365 ## - TRADE PRICE |
| Price amount |
खण्ड 19 - 210.00 |
| Currency code |
INR |
| 365 ## - TRADE PRICE |
| Price amount |
खण्ड 20 - 230.00 |
| Currency code |
INR |
| 365 ## - TRADE PRICE |
| Price type code |
खण्ड 21 - 190.00 |
| Price amount |
INR |
| 440 ## - SERIES STATEMENT/ADDED ENTRY--TITLE |
| Volume/sequential designation |
(खण्ड 1 -21) |
| 700 ## - ADDED ENTRY--PERSONAL NAME |
| Personal name |
शर्मा, राज किशोर (खण्ड 1-21) |
| Relator term |
सम्पादक |
| 9 (RLIN) |
1235069 |
| 700 ## - ADDED ENTRY--PERSONAL NAME |
| Personal name |
सिंघल, शोभिता (खण्ड 1, 10, 11, 19, 21 |
| Relator term |
सम्पादक |
| 9 (RLIN) |
1235070 |
| 700 ## - ADDED ENTRY--PERSONAL NAME |
| Personal name |
कुमार, जितेन्द्र (खण्ड 2, 6, 8, 12, 15, 20, |
| Relator term |
सम्पादक |
| 9 (RLIN) |
1235071 |
| 700 ## - ADDED ENTRY--PERSONAL NAME |
| Personal name |
कुमार, दीपक (खण्ड 3, 9, 13, 14, 16, |
| Relator term |
सम्पादक |
| 9 (RLIN) |
1235072 |
| 700 ## - ADDED ENTRY--PERSONAL NAME |
| Personal name |
शर्मा, मीनाक्षी (खण्ड 4, 5, 7, 17, 18, |
| Relator term |
सम्पादक |
| 9 (RLIN) |
1235073 |
| 710 ## - ADDED ENTRY--CORPORATE NAME |
| Corporate name or jurisdiction name as entry element |
विद्या भारती उच्च शिक्षा संस्थान |
| 9 (RLIN) |
1235074 |
| 942 ## - ADDED ENTRY ELEMENTS (KOHA) |
| Source of classification or shelving scheme |
Colon Classification (CC) |
| Suppress in OPAC |
No |
| Koha item type |
Reference |
| Classification part |
z44 152R5.1-.21 (RR) |